| 000 | 00865nam a22001697a 4500 | ||
|---|---|---|---|
| 003 | LRUA | ||
| 005 | 20221125135321.0 | ||
| 008 | 221125b xxu||||| |||| 00| 0 eng d | ||
| 040 | _cRUA | ||
| 082 | _aFOR NOU 2013 B544 Or.1 | ||
| 100 | _aNOUY, SAMORN. | ||
| 245 | _aStudy of potential on tonle bati natural resort development in krang khnung commune bati district takeo province, សិក្សាពីសក្ដានុពលនៃការអភិវឌ្ឍន៍តំបន់រមណីដ្ឋានធម្មជាតិទន្លេបាទី នៅឃុំក្រាំងធ្នង់ ស្រុកបាទី ខេត្តតាកែវ | ||
| 260 |
_aPhnom Penh _bRUA _c2013 |
||
| 300 |
_aix; 36. _bill. _c29cm. |
||
| 856 | _uhttps://drive.google.com/file/d/1i3mjSnLST8vVn2wfGNqBy-TfnJZkswvX/view?usp=sharing | ||
| 942 |
_cFOR _2ddc |
||
| 999 |
_c3433 _d3433 |
||